000 00996nam a22001937a 4500
999 _c58108
_d58108
005 20210618134243.0
008 210617s2017 enk||||| |||| 00| 0 eng d
020 _a9781627341066
041 _aeng
080 _a372.851+371 F-11
100 _a Faber, Helmy
_912065
245 _aThe Math Handbook for Students with Math Difficulties, Dyscalculia, Dyslexia or ADHD:
_b(Grades 1-7) /
_cHelmy Faber.
264 _aBoca Raton :
_bUniversal Publishers,
_c2017.
300 _a126 pages;
_b21 cm.
653 _aДискалькулия у детей
653 _aთვლასთან დაკავშირებული პრობლემები ბავშვებში
653 _aმათემატიკის სახელმძღვანელო მათემატიკის სირთულეების, დისკალკულიის, დისლექსიის მქონე სტუდენტებისთვის
942 _2udc
_cBK